Les scènes avec des enfants en 20 clics - Statistiques

Statistiques générales
  • Ce quiz a été pris 106 fois
  • Le résultat moyen est 12 sur 20
Statistiques - réponses
Hint Réponse % Correct
E.T. l'extra-terrestre
91%
Billy Elliot
84%
Charlie et la Chocolaterie
83%
Maman, j'ai raté l'avion !
83%
Shining
82%
Le Garçon au pyjama rayé
80%
Les Goonies
77%
Léon
75%
Sixième Sens
63%
La Vie est belle
55%
Le Kid
54%
L'Exorciste
53%
Jeux interdits
52%
Ça
48%
Cinema Paradiso
42%
Super 8
41%
Bugsy Malone
29%
Neverland
24%
Identity
22%
Morse
11%
Aucun quiz correspondant
Distribution des résultats
% des personnes avec chaque résultat
Percentile par nombre de réponses
Votre historique - résultats
Vous n’avez pas pris ce quiz